000 00656cam a22002293a 4500
001 40492
003 PGUSA
005 20140828083914.0
008 120813s2012||||xxu|||||s|||||000 | eng d
040 _aPGUSA
_beng
042 _adc
100 1 _aNerval, Gérard de,
_d1808-1855
245 1 0 _aSylvie :
_bsouvenirs du Valois
_h[electronic resource] /
_cGérard de Nerval
260 _bProject Gutenberg,
_c2012
506 _aPublic domain in the USA.
516 _aElectronic text
700 1 _aPage, Lucie
700 1 _aLang, Andrew,
_d1844-1912
830 0 _aProject Gutenberg
_v40492
856 4 0 _uhttp://www.gutenberg.org/ebooks/40492
942 _cEB
999 _c269745
_d269745